000 00294nam a22001337a 4500
008 171004b xxu||||| |||| 00| 0 eng d
020 _a0471888761
041 _aeng
080 _24TH
_a159.9
100 _a48
101 _aPSI
245 _aABNORMAL PSYCHOLOGY
_cDAVISON,G.C
942 _2udc
_cBK
999 _c31821
_d31821